| 000 | 01175nam a2200265 a 4500 | ||
|---|---|---|---|
| 001 | BRCA_647 | ||
| 005 | 20190320203108.0 | ||
| 008 | 070205s2006 it-a---##b---#000-0ceng-d | ||
| 020 | _a8889902108 | ||
| 040 |
_aNcRMA _bMoSR _cMoKNA _dDLC |
||
| 050 | 4 |
_aND621.B7 _b.G74 2006 |
|
| 245 | 1 | 0 |
_aGreat Painters in Brescia _bfrom the Renaissance to the 18th Century : from the Pinacoteca Tosio Martinengo _cexhibition curated by Penelope Hunter-Stiebel ; catalog editors Elena Lucchesi Ragni, Renata Stradiotti. |
| 260 |
_aConegliano _bLinea D´Ombra Libri _cc2006 |
||
| 300 |
_a167 p. _bil. (algunas a color) _c26 cm. |
||
| 500 | _aCatálogo de la exposición realizada en The Portland Art Museum (Portland, Oregón), 29 abril - 17 septiembre, 2006 | ||
| 504 | _aBibliografía: p. 159-167 | ||
| 610 | 2 | 4 |
_aPinacoteca Tosio Martinengo _vExposiciones _92168 |
| 650 | 1 | 4 |
_aPintura italiana _vExposiciones _zItalia _92169 |
| 650 | 1 | 4 |
_aPintura renacentista _vExposiciones _zItalia _92170 |
| 650 | 1 | 4 |
_aPintura _vExposiciones _zItalia _92171 |
| 700 | 1 |
_aHunter-Stiebel, Penelope _d1946- _92172 |
|
| 700 | 1 |
_aLucchesi Ragni, Elena _92173 |
|
| 700 | 1 |
_aStradiotti, Renata _92174 |
|
| 942 |
_2lcc _cB |
||
| 999 |
_c563 _d563 |
||